000 00364nam a2200157Ia 4500
008 210210b1874 xxu||||| |||| 00| 0 eng d
041 _aeng
082 _a550/9
100 _aHARTWING (G)
245 _aPolar world
260 _aLondon
_bLongmans Green and Company Limited
_c1874
650 _aworld
650 _aPolar
690 _aGeology
906 _a010153
999 _c137921
_d137921